All Gold Medalists World Athletics Championships 2022 - Statistics

General Stats
  • This quiz has been taken 65 times
  • The average score is 23 of 49
Answer Stats
Event Nationality Answer % Correct
Pole Vault Men Sweden Armand Duplantis
88%
4x100m Relay Women ---------------------- United States
88%
4x400m Relay Men ---------------------- United States
88%
4x400m Relay Women ---------------------- United States
88%
100m Women Jamaica Shelly-Ann Fraser-Pryce
84%
200m Men United States Noah Lyles
82%
200m Women Jamaica Shericka Jackson
77%
400m Hurdles Women United States Sydney McLaughlin
75%
100m Men United States Fred Kerley
70%
5000m Men Norway Jakob Ingebrigtsen
70%
Triple Jump Women Venezuela Yulimar Rojas
70%
800m Women United States Athing Mu
68%
High Jump Men Qatar Mutaz Essa Barshim
68%
400m Women Bahamas Shaunae Miller-Uibo
67%
400m Hurdles Men Brazil Alison dos Santos
65%
4x100m Relay Men ---------------------- Canada
65%
Shot Put Men United States Ryan Crouser
65%
110m Hurdles Men United States Grant Holloway
61%
Decathlon Men France Kevin Mayer
61%
Heptathlon Women Belgium Nafissatou Thiam
56%
400m Men United States Michael Norman
54%
100m Hurdles Women Nigeria Tobi Amusan
54%
Long Jump Women Germany Malaika Mihambo
53%
1500m Women Kenya Faith Kipyegon
47%
1500m Men Great Britain & NI Jake Wightman
47%
10000m Men Uganda Joshua Cheptegei
47%
Discus Men Slovenia Kristjan Čeh
46%
3000m Steeplechase Men Morocco Soufiane El Bakkali
46%
Triple Jump Men Portugal Pedro Pichardo
44%
Javelin Men Grenada Anderson Peters
40%
Hammer Throw Men Poland Paweł Fajdek
39%
4x400m Mixed Relay ---------------------- Dominican Republic
37%
Shot Put Women United States Chase Ealey
33%
Pole Vault Women United States Katie Nageotte
32%
10000m Women Ethiopia Letesenbet Gidey
32%
High Jump Women Australia Eleanor Patterson
28%
Javelin Women Australia Kelsey-Lee Barber
28%
5000m Women Ethiopia Gudaf Tsegay
26%
Long Jump Men China Wang Jianan
26%
800m Men Kenya Emmanuel Kipkirui Korir
25%
Hammer Throw Women United States Brooke Andersen
19%
Discus Women China Feng Bin
16%
20km Walk Women Peru Kimberly García
11%
35km Walk Women Peru Kimberly García
11%
3000m Steeplechase Women Kazakhstan Norah Jeruto
9%
Marathon Men Ethiopia Tamirat Tola
9%
35km Walk Men Italy Massimo Stano
7%
Marathon Women Ethiopia Gotytom Gebreslase
0%
20km Walk Men Japan Toshikazu Yamanishi
0%
No matching quizzes found
Score Distribution
Percent of People with Each Score
Percentile by Number Answered
Your Score History
You have not taken this quiz